2026 MLB Offseason - Statistics

General Stats
  • This quiz has been taken 98 times
  • The average score is 32 of 47
Answer Stats
Type Team PO Player % Correct
FA Orioles 1B Pete Alonso
99%
FA Mets SS/3B Bo Bichette
88%
FA Dodgers RP Edwin Diaz
86%
FA Cubs 3B Alex Bregman
83%
FA Reds 3B Eugenio Suarez
83%
FA Red Sox SP Ranger Suarez
83%
FA Braves RP Robert Suarez
83%
FA Phillies DH Kyle Schwarber
82%
FA Dodgers RF Kyle Tucker
82%
FA Giants 1B Luis Arraez
82%
FA Yankees 1B/OF Cody Bellinger
80%
FA Phillies C JT Realmuto
80%
FA Blue Jays SP Dylan Cease
78%
FA Tigers SP Framber Valdez
78%
FA Giants CF Harrison Bader
75%
Trade Mets SP Freddie Peralta
73%
FA Mets 2B Jorge Polanco
73%
FA Mariners 1B Josh Naylor
73%
Trade Mets 2B Marcus Semien
73%
Trade Rangers OF Brandon Nimmo
72%
FA White Sox 1B/3B Munetaka Murakami
72%
FA Yankees 1B Paul Goldschmidt
72%
Trade Mets OF Luis Robert Jr.
71%
FA D-Backs SP Zac Gallen
71%
Trade Pirates 2B Brandon Lowe
70%
Trade Cardinals 2B Brendan Donovan
70%
Trade Angels SP Grayson Rodriguez
66%
Trade Diamondbacks 3B Nolan Arenado
66%
Trade Orioles OF Taylor Ward
66%
Trade Athletics 2B Jeff McNeil
65%
Trade Red Sox SP Sonny Gray
65%
Trade Cubs SP Edward Cabrera
64%
FA Mets RP Devin Williams
63%
Trade Red Sox 1B Willson Contreras
63%
FA Pirates OF Ryan O'Hearn
60%
FA Blue Jays 3B Kazuma Okamoto
59%
Trade Orioles SP Shane Baz
58%
FA Diamondbacks SP Merrill Kelly
54%
FA Padres SP Michael King
51%
FA Astros SP Tatsuya Imai
51%
FA Orioles RP Ryan Helsley
47%
Trade Royals OF Isaac Collins
46%
FA Braves OF Mike Yastrzemski
43%
FA Orioles SP Chris Bassitt
42%
Trade Pirates OF Jake Mangum
37%
FA Padres 1B/OF Nick Castellanos
37%
Trade Mets SP/RP Tobias Myers
28%
No matching quizzes found
Score Distribution
Percent of People with Each Score
Percentile by Number Answered
Your Score History
You have not taken this quiz